Die 200 beliebtesten ♂ ♀ Vornamen in Schottland - Statistiken

Allgemein
  • Dieses Quiz wurde 27 mal gespielt
  • Das Durchschnittsergebnis liegt bei 38 aus 202
Antwortstatistiken
♀ / ♂ Name % Korrekt
Jungen - - > | Mädchen - - > ⤵️
100%
A4 Anna
62%
H5 Harry
62%
J5 James
62%
D5 David
57%
A6 Andrew
52%
E4 Emma
52%
J4 Jack
52%
L3 Leo
52%
M7 Matthew
52%
M3 Mia
52%
M7 Michael
52%
T6 Thomas
52%
A5 Aaron
48%
A9 Alexander
48%
G6 George
48%
L4 Leon
48%
L4 Luca
48%
M3 Max
48%
N4 Noah
48%
L4 Luke
43%
O6 Olivia
43%
A6 Amelia
38%
C9 Charlotte
38%
D6 Daniel
38%
E6 Emilia
38%
E5 Emily
38%
E3 Eva
38%
F4 Finn
38%
H5 Henry
38%
J5 Jacob
38%
L4 Liam
38%
L5 Louis
38%
L5 Lucas
38%
R6 Robert
38%
T4 Theo
38%
W7 William
38%
Z3 Zoe
38%
A3 Ada
33%
A4 Adam
33%
B8 Benjamin
33%
C7 Charlie
33%
E4 Ella
33%
E5 Ellis
33%
I8 Isabella
33%
J7 Jackson
33%
J5 Jamie
33%
M5 Mason
33%
M4 Mila
33%
O6 Oliver
33%
S6 Sophia
33%
A5 Alice
29%
A6 Arthur
29%
A3 Ava
29%
C5 Chloe
29%
E5 Ethan
29%
H6 Hannah
29%
H6 Harris
29%
L5 Lilly
29%
M4 Maya
29%
R4 Rose
29%
S6 Sophie
29%
A7 Abigail
24%
C6 Connor
24%
E9 Elizabeth
24%
H5 Holly
24%
I3 Ivy
24%
J6 Joseph
24%
L4 Lara
24%
L4 Lily
24%
L5 Logan
24%
L4 Lucy
24%
L4 Luna
24%
M5 Molly
24%
N6 Nathan
24%
O5 Oscar
24%
S6 Samuel
24%
A4 Aria
19%
B5 Bella
19%
E5 Ellie
19%
E6 Evelyn
19%
F7 Freddie
19%
F5 Freya
19%
H8 Harrison
19%
I4 Isla
19%
J7 Jessica
19%
J6 Joshua
19%
K3 Kai
19%
L5 Layla
19%
L5 Lewis
19%
O4 Owen
19%
R4 Ruby
19%
S5 Sofia
19%
T8 Theodore
19%
Z4 Zara
19%
A5 Angus
14%
A5 Annie
14%
A6 Archie
14%
A6 Aurora
14%
F6 Finlay
14%
F8 Florence
14%
G7 Georgia
14%
G5 Grace
14%
H6 Harper
14%
M7 Matilda
14%
M6 Millie
14%
N4 Nina
14%
P8 Penelope
14%
P6 Phoebe
14%
Q5 Quinn
14%
R5 Rosie
14%
S8 Scarlett
14%
T4 Thea
14%
T5 Tommy
14%
V6 Violet
14%
A4 Alba
10%
C6 Callum
10%
D5 Dylan
10%
E4 Eden
10%
E5 Elsie
10%
E4 Evie
10%
F6 Fraser
10%
G6 Gracie
10%
I6 Imogen
10%
I5 Innes
10%
J4 Jude
10%
W6 Willow
10%
A5 Alfie
5%
C7 Cameron
5%
C4 Cora
5%
E4 Erin
5%
I4 Iona
5%
I5 Isaac
5%
M6 Mirren
5%
M8 Muhammad
5%
O5 Ollie
5%
P5 Poppy
5%
R5 Riley
5%
R5 Robyn
5%
S5 Sadie
5%
S6 Sienna
5%
A5 Albie
0%
A5 Amber
0%
A8 Arabella
0%
A4 Arlo
0%
A5 Arran
0%
A4 Ayla
0%
B5 Blair
0%
B5 Blake
0%
B6 Bonnie
0%
B6 Brodie
0%
B5 Brody
0%
C5 Caleb
0%
C6 Callan
0%
C6 Callie
0%
C6 Carson
0%
C6 Carter
0%
C4 Cody
0%
C4 Cole
0%
C6 Cooper
0%
D5 Daisy
0%
D6 Darcie
0%
E6 Eilidh
0%
E6 Elijah
0%
E4 Esme
0%
F6 Fergus
0%
G7 Georgie
0%
G7 Grayson
0%
H6 Hallie
0%
H6 Hamish
0%
H6 Harlow
0%
H4 Hope
0%
H6 Hudson
0%
H6 Hunter
0%
J3 Jax
0%
J5 Jaxon
0%
L7 Lachlan
0%
L7 Lochlan
0%
L6 Lottie
0%
L5 Louie
0%
L4 Lyla
0%
M5 Maeva
0%
M5 Maeve
0%
M6 Maisie
0%
M4 Myla
0%
M5 Myles
0%
N5 Niamh
0%
N4 Nova
0%
O4 Orla
0%
P6 Parker
0%
R4 Remi
0%
R6 Reuben
0%
R5 Roman
0%
R4 Rory
0%
R5 Rowan
0%
R7 Ruaridh
0%
S4 Skye
0%
S5 Sonny
0%
S6 Struan
0%
S6 Summer
0%
T5 Teddy
0%
Keine übereinstimmenden Quizze gefunden
Verteilung der Resultate
Anzahl Personen mit jedem Resultat
Perzentil nach korrekt beantworteten Fragen
Ihre Resultats-Entwicklung
Sie haben dieses Quiz noch nicht gespielt